New Girl Trivia - Statistics

General Stats
  • This quiz has been taken 375 times
  • The average score is 12 of 20
Answer Stats
Hint Answer % Correct
The famous musician that helped Jess say 'I love you' to Nick Prince
89%
Nick's quiet yet helpful friend he met on a bench. Tran
89%
End of phrase shouted in the drinking game True American "JFK! ____!" FDR
78%
The apartment number of the roomates loft 4D
76%
Product that Schmidt asks for help to market from the guys Sponge
74%
Detective who is the main character of Nick Miller's book series Julius Pepperwood
72%
The rotten food that gives Jess food poisoning at their outdoor Thanksgiving Fish
68%
'Disability' Winston suffers from, which he founds out in season 3 Color blind
67%
Name of the creepy landlord of the building Remy
67%
The animal that halts Nick and Jess on the search for the van keys in the season 1 finale A coyote
65%
The website Jess finds her roommates on Craigslist
63%
The drink that makes Jess 'twirly' Pink wine
57%
The song played as Cece walks down the aisle to Shivrang, a prank pulled by Winston and Schmidt Cotton Eye Joe
56%
The nickname for Jess' ex-boyfriend Russel Fancyman
51%
The company Schmidt works for as a marketing associate Associated Strategies/Ass Strat
50%
Celebrity that Cece recounts losing her virginity to Mick Jagger
46%
Name of Winston and Aly's child Dan Bill
37%
Name of Schmidt and Cece's house they purchased Jaipur Aviv
21%
The act that makes Schmidt put $50 in the douchebag jar on his 29th birthday Tries to kiss Jess
20%
What Winston wanted from Schmidt when he got back from Latvia in Season 1 The bigger room
17%
No matching quizzes found
Score Distribution
Percent of People with Each Score
Percentile by Number Answered
Your Score History
You have not taken this quiz